000 00980cam a2200241 4500
008 010928n2001 000 0 eng u
020 _a0117024368
035 _a(Sirsi) u114904
041 _aeng
050 _a690.25
110 _aCarillion Services
_93856
245 _aDefects in buildings: symptoms, investigations, diagnosis and cure
250 _a3rd ed
260 _aLondon
_bTSO
_c2001
300 _axvi, 488p.: ill. ; 30cm
350 _a70.00
520 _aCovers common defects in all principal types of construction. Covers causes of deterioration; durability of materials; principles of diagnosis; investigation techniques; roofs; walls: external and internal; external joinery; floors and ceilings; and services. Includes photographs and diagrams. SUPERSEDES SECOND EDITION (isbn 0116715251)
650 _aBUILDING DEFECTS
650 _aDETERIORATION
650 _aSTRUCTURAL DEFECTS
690 _aBUILT ENVIRONMENT-BUILDING PATHOLOGY
942 _n0
999 _c101679
_d101679